1404 1625 1377 1118 1416 1751 1190 1831 1746 1445 1327 1595 1005 1777 1491 1000 1132 1823 1099 1540 1319 1122 1757 1347 1356 1011 1876 1168 1330 1514 1363 1717 1140 1004 1480 1756 1836 1308 1832 1094 1447 1872 1714 1204 1984 1865 1233 1842 1120 1613 1391 1400 1247 1820 1363 1266 1020 1133 1177 1777 1056 1508 1223 1663 1197 1945 1644 1816 1052 1970 1549 1225 1373 1302 1696 1713 1721 1041 1572 1288 1980 1357 1578 1514 1808 1045 1719 1926 1629 1644 1306 1077 1578 1971 1823 1920 1492 1426 1449 BCNSPRNW ULIB Ver.6.0+V

เปลี่ยนเป็นภาษาไทย

Change to English
 แสดงรายละเอียดบรรณานุกรม
  กลับหน้าหลัก

Brief Record : Get Marc (ISO 2709) : E-mail record : QR code < ปิดหน้าต่าง
LEADER : 00000nam 2200000uu 4500
001    13399121979
003     ULIB
008    121218s2550||||th 000 0 tha d
020    ^a9789747488517
060 04 ^aWG200^bน612ค 2550
100 0  ^aนิธิ มหานนท์
245 10 ^aคู่มือธรรม-ใจ/^cนิธิ มหานนท์
250    ^aพิมพ์ครั้งที่ 1
260    ^aกรุงเทพฯ :^bเอเอเปเปอร์,^c2550
300    ^a141 หน้า :^bภาพประกอบ
650  7 ^aโรคหัวใจ
650  7 ^aโรคกล้ามเนื้อหัวใจขาดเลือด
945    ^p269^l0^i14482
995    ^aกัณชพร
999 ^a ใช้งานได้ทุกระบบ
รายการนี้ยังไม่มีแท็ก
คุณยังไม่ได้ล็อกอิน คุณสามารถมีกิจกรรมร่วมกับเว็บไซต์ได้ แต่ต้องล็อกอินก่อน ::
  ล็อกอิน

รายการสื่อสารสนเทศ

ลำดับที่ ประเภท เลขเรียก/บาร์โค้ด สถานที่ สถานะ
1. วิทยาศาสตร์การแพทย์ และสุขภาพ
วิทยาศาสตร์การแพทย์ และสุขภาพ
WG200 น612ค 2550  
  Barcode: 14482
ห้องสมุดวิทยาเขตสวรรค์ประชารักษ์
►ส่วนจัดเก็บหนังสือเก่า สปร
บนชั้น
  ขอยืม

รายการใกล้เคียง
    ผู้แต่ง [นิธิ มหานนท์]

    หัวเรื่อง [โรคหัวใจ]
    หัวเรื่อง [โรคกล้ามเนื้อหัวใจขาดเลือด]

BibComment


ยังไม่เคยถูกคอมเมนท์

คอมเมนท์ทรัพยากรรายการนี้
  คอมเมนท์: คู่มือธรรมใจ นิธ..


 Copyright 2026. Bcnsprnw @Library